K inštitútu konania o dohode o vine a treste

Bibliographic Details
Main Author: Mandalík, Radoslav (Author)
Format: Article
Language:Slovak
ISSN:1335-6461
Subjects:

MARC

LEADER 00000nab a2200000 a 4500
001 vtls008933297
003 SK-MaSNL
005 20260304134534.0
008 250505c2006 xo mr|p|||||||000 b|slo
015 |a SNBRB2007/01 
035 |a (uuid)e3e81829-3b83-4abf-9ac8-e9bb352ec6b1 
035 |a urn:nbn:sk:snk-abz10 
035 |a (urnnbn)urn:nbn:sk:snk:ar-003fg0 
038 |a SNKBUCL 
040 |a SNKBUCL  |b slo  |c SNKBUCL  |e AACR2 
041 0 |a slo 
044 |a xo  |c SK 
080 |a 343.222  |2 1997 
080 |a 343.24  |2 1997 
100 1 |a Mandalík, Radoslav  |4 aut  |9 836251 
245 1 0 |a K inštitútu konania o dohode o vine a treste  |c Radoslav Mandalík 
504 |a Bibliogr. odkazy 
650 0 7 |a dohoda o vine a treste  |2 snkbucl  |9 807029 
650 0 7 |a vina  |2 snkbucl  |9 23249 
650 0 7 |a trest  |2 snkbucl  |9 24970 
773 0 |t Justičná revue  |g Roč. 58, č. 11 (2006), s. 1611-1613  |x 1335-6461 
850 |a Slovenská národná knižnica 
852 |a Slovenská národná knižnica 
954 |a odborná, vedecká literatúra pôvodná (slovenská)  |2 lita 
958 |a article27 
958 |a OND 
958 |a SK 
958 |a NB 
958 |a EUIPO 
999 |c 2907155  |d 2909085